03261cam a2200325Ia 4500001001300000003000900013005001700022008004100039035002000080040003900100041000800139082001500147100004300162242032300205245033700528260013500865300003401000500037801034500010801412505107001520506002202590546002202612600008802634650004302722650005002765700005402815700001302869700002802882700002502910ocm18692619 Co-BoUCM20140815104032.0881031s1577 it fr 000 0 latsd a(OCoLC)18692619 aGZMbspacSandra YazodSandra Yazo0 alat04220a340.560 aBartolo,cof Sassoferrato,d1313-1357.00aComentarios a la Parte Primera del Digesto Antiguo.bEn los cuales, además de las notas y aclaraciones sobre puntos dudosos de Alejandro de Barbazia, Claudio de Seysell, Pomponio, Nicelli y otros, se añadieron recientemente las fecundas disquisiciones de Casiano del Pozo, Guido Panciroli y Bernardo Trotti.yspa10aBartoli a Saxoferrato in Primam [-secunda] Digesti Veteris Partem Commentaria. bQuibus praeter Alex. Barb. Seifell. Pom. Nicelli et aliorum Adnotationes et contrarietatum conciliationes, accesserunt novissimae excelentissimorum virorum Casiani Putei ... Guidonis Pancirolii et Bernardi Trotti ... fertilissimae lucubrationes ...  aAvgvstae Taurinorum [Turin] (Italia)bApud Haeredes Nicolai Beuilaquae [A expensas de los herederos de Nicolás Bevilaqua]c1577. a198, 160 folios.c43 x 29 cm. aDetalles físicos: Encuadernación flexible en pergamino. Guardas en papel impreso. Portada impresa en una sola tinta con un grabado. Texto impreso en dos columnas. Párrafos numerados y marcados con letras. Márgenes amplios. Signaturas. Algunos reclamos. Elogio en versos latinos al autor y su obra. Registro final de cuadernillos. Notorias perforaciones de insectos. aV.1 ejemplar desencuadernado, sin tapas ni guardas. el folio 9, pegado al revés, folio 23 arrancado. 1 aV.1: Vida de Bártolo de Sassoferrato ; La primera Constitución ; La justicia y el derecho ; Las adopciones ; División entre las diferentes cosas ; Los deberes del pretor ; Los deberes del gobernador ; Jurisdicciones ; La jurisdicción de los juicios ; Los están obligados a restituir ; La publicación ; Los pactos y tratados ; La postulación ; Las transacciones ; Los procuradores ; Los que gestionaron negocios ; La restitución in integrum -- V.2: Acerca de los créditos o préstamos: acreedores y deudores ; Acerca de los juramentos necesarios y de los opcionales (voluntarios) ; Los plazos ; El dinero puesto a interés ; El comodato ; La acción de pignoración ; La acción ejecutoria ; Los peculios ; El senadoconsulto Veleyano ; Las compensaciones ; Temas sobre la compra y la venta ; Los contratos de arrendamiento y alquiler ; Las prendas ; Qué cosas pueden ser afectadas por pignoración o por hipoteca ; Cómo terminar las pignoraciones y las hipotecas ; Las evicciones ; La usura ; Las pruebas y las presunciones ; Los testigos aConsulta en sala. aTexto en latín.14aJustinianocEmperador de Oriente d482-565 tDigestoxCrítica e interpretación 7aDerecho civilxObras anteriores a 1800 7aDerecho romano2fastxObras anteriores a 18001 aNicelli, Cristoforod1388 or 1389-1482eprólogo1 aPomponio1 aBarbazia, Alejandro de 1 aSeysell, Claudio de